| 000 | 01362nam2a2200217 4500 | ||
|---|---|---|---|
| 001 | rc\3055090 | ||
| 005 | 20260315071413.0 | ||
| 035 | _a(NLR Aleph) 007209018 | ||
| 090 |
_a13630934 _c13630934 |
||
| 100 | _a20111011d1936 u y0rusy50 ca | ||
| 101 | 0 | _arus | |
| 102 | _aRU | ||
| 105 | _ay z ||||| | ||
| 200 | 1 |
_aТракторная шестирядная свекловичная сеялка _fНКТП. СССР Главсельмаш. г. Москва |
|
| 210 |
_aКирово _cОдесск. обл. Госзавод с.-х. машин "Красная звезда" _d1936 |
||
| 461 | 0 |
_1001rc\3055084 _12001#$a[Издания]$eN 49$fНКТП СССР. Главсельмаш. Всесоюз. науч.-исслед. ин-т с.-х. машиностроения. ВИСХОМ$v№ 56 _97662969 _aСССР. Главное управление сельско-хозяйственного машиностроения _cЛенинград _d1935 _fНКТП СССР. Главсельмаш. Всесоюз. науч.-исслед. ин-т с.-х. машиностроения. ВИСХОМ _nОНТИ. Гл. ред. литературы по машиностроению и металлообработке _oN 49 _t[Издания] _v№ 56 |
|
| 801 | 0 |
_aRU _bNLR _gpsbo |
|
| 801 | 1 |
_aRU _bELAR _2rusmarc |
|
| 852 |
_aNLR _j36-17/140 |
||
| 942 | _cUNSPEC | ||
| 980 | _aNB | ||